Giáo trình cơ sở hoá học hữu cơ
Bộ “Giáo trình Cơ sở hoá học hữu cơ” gồm ba tập, tương ứng với ba học phần của chương trình.
保存先:
| 第一著者: | |
|---|---|
| フォーマット: | 図書 |
| 言語: | Undetermined |
| 出版事項: |
Hà Nội
Đại học Sư phạm Hà Nội
2005
|
| 主題: | |
| タグ: |
タグ追加
タグなし, このレコードへの初めてのタグを付けませんか!
|
| Thư viện lưu trữ: | Trung tâm Học liệu Trường Đại học Cần Thơ |
|---|
| LEADER | 00761nam a2200205Ia 4500 | ||
|---|---|---|---|
| 001 | CTU_112967 | ||
| 008 | 210402s9999 xx 000 0 und d | ||
| 020 | |c 39000 | ||
| 082 | |a 547 | ||
| 082 | |b S464/T.2 | ||
| 100 | |a Trần, Quốc Sơn | ||
| 245 | 0 | |a Giáo trình cơ sở hoá học hữu cơ | |
| 245 | 0 | |c Trần Quốc Sơn, Đặng Văn Liễu | |
| 260 | |a Hà Nội | ||
| 260 | |b Đại học Sư phạm Hà Nội | ||
| 260 | |c 2005 | ||
| 520 | |a Bộ “Giáo trình Cơ sở hoá học hữu cơ” gồm ba tập, tương ứng với ba học phần của chương trình. | ||
| 650 | |a Organic chemistry | ||
| 904 | |i Hiếu | ||
| 980 | |a Trung tâm Học liệu Trường Đại học Cần Thơ | ||